00796nam a2200265Ia 4500008004100000020001800041040000600059041001200065082001300077082001100090100001500101100002200116245010500138245001500243260001000258260001000268260000900278300005500287300001000342501002800352650001300380942000700393999001900400952011100419141004s9999 xx 000 0 und d a92 9059 034 3 ca aEnglish a333.9534 bBUR/MU aJ Burley aP Von Carlowitz aMultipurpose tree germplasm: Proceedings of a planning workshop to discuss international cooperation cJ Burley aKenya bICRAF c1984 a298 p.  b24 cm aKAUCOF  aTaxonomy cBK c302986d302986 00102ddc40708BIDaKAUCOFbKAUCOFl0o634.955 BUR/MUpKAU_COF-2119r2014-10-04 00:00:00w2014-10-04yBK